Линейные индукционные ускорители для релятивистских СВЧ-приборов

Detaylı Bibliyografya
Yazar: Винтизенко И. И. Игорь Игоревич
Özet:В монографии описаны конструкции и приведены выходные параметры линейных индукционных ускорителей, разработанных специально или использованных в определенных модификациях для приборов релятивистской высокочастотной электроники. Рассматриваются способы разрешения разнообразных физических и инженерных проблем, возникающих при расчете, конструировании, моделировании и эксплуатации таких ускорителей. Для научных и инженерных работников, специализирующихся в данной области.
Dil:Rusça
Baskı/Yayın Bilgisi: Москва, Физматлит, 2012
Konular:
Materyal Türü: MixedMaterials Kitap
KOHA link:https://koha.lib.tpu.ru/cgi-bin/koha/opac-detail.pl?biblionumber=219494

MARC

LEADER 00000n m0a2200000 4500
001 219494
005 20231228164920.0
010 |a 9785922113786 
035 |a (RuTPU)RU\TPU\book\239561 
090 |a 219494 
100 |a 20120709d2012 k y0rusy50 ca 
101 0 |a rus 
102 |a RU 
105 |a a z 001zy 
200 1 |a Линейные индукционные ускорители для релятивистских СВЧ-приборов  |f И. И. Винтизенко 
210 |a Москва  |c Физматлит  |d 2012 
215 |a 408 с.  |c ил. 
320 |a Библиография в конце глав. 
330 |a В монографии описаны конструкции и приведены выходные параметры линейных индукционных ускорителей, разработанных специально или использованных в определенных модификациях для приборов релятивистской высокочастотной электроники. Рассматриваются способы разрешения разнообразных физических и инженерных проблем, возникающих при расчете, конструировании, моделировании и эксплуатации таких ускорителей. Для научных и инженерных работников, специализирующихся в данной области. 
606 1 |a Ускорители заряженных частиц индукционные, линейные  |2 stltpush  |3 (RuTPU)RU\TPU\subj\63424  |9 80452 
610 1 |a действие 
610 1 |a конструкции 
610 1 |a параметры 
610 1 |a релятивистские СВЧ-приборы 
610 1 |a ондуляторы 
610 1 |a клистроны 
610 1 |a СВЧ-генераторы 
610 1 |a триоды 
610 1 |a виркаторные системы 
610 1 |a сверхвысокочастотные генераторы 
610 1 |a антенны-усилители 
610 1 |a суперрелтроны 
610 1 |a микросекундные импульсы 
610 1 |a труды учёных ТПУ 
675 |a 621.384.64  |v 3 
700 1 |a Винтизенко  |b И. И.  |c физик  |c заведующий лабораторией Томского политехнического университета, доктор физико-математических наук  |f 1960-  |g Игорь Игоревич  |3 (RuTPU)RU\TPU\pers\30052  |9 14482 
801 1 |a RU  |b 63413507  |c 20120709 
801 2 |a RU  |b 63413507  |c 20180821  |g RCR 
942 |c BK